<?xml version="1.0" encoding="UTF-8"?>
<collection xmlns="http://www.loc.gov/MARC21/slim">
 <record>
  <leader>06809nam a2200349 a 4500</leader>
  <controlfield tag="001">kal4773</controlfield>
  <controlfield tag="003">Gr-AtHEAL</controlfield>
  <controlfield tag="005">20160427133953.0</controlfield>
  <controlfield tag="006">m        d        </controlfield>
  <controlfield tag="008">160413s2015    gr      s           gre|c</controlfield>
  <datafield tag="020" ind1=" " ind2=" ">
   <subfield code="a">9789606032707</subfield>
  </datafield>
  <datafield tag="040" ind1=" " ind2=" ">
   <subfield code="a">GR-AtHEAL</subfield>
   <subfield code="b">gre</subfield>
   <subfield code="c">GR-AtHEAL</subfield>
  </datafield>
  <datafield tag="082" ind1="0" ind2="4">
   <subfield code="a">333</subfield>
   <subfield code="2">23</subfield>
  </datafield>
  <datafield tag="100" ind1="1" ind2=" ">
   <subfield code="a">Βραχόπουλος, Μιχάλης.</subfield>
   <subfield code="8">2135</subfield>
  </datafield>
  <datafield tag="245" ind1="1" ind2="0">
   <subfield code="a">Κανονική γεωθερμία - αρχές σχεδιασμού γεωθερμικών συστημάτων και εφαρμογές</subfield>
   <subfield code="h">[Ηλεκτρονικός πόρος] </subfield>
   <subfield code="c">Βραχόπουλος, Μιχάλης ; Κούκου,Μαρία ; Καρύτσας, Κωνσταντίνος ; Κριτικός αναγνώστης,Ανδρίτσος, Νικόλαος ; Τεχνική επιμέλεια,Σπυριδάκης, Δημήτριος ; Γλωσσική επιμέλεια,Μπεληγιάννη, Παναγιώτα.</subfield>
  </datafield>
  <datafield tag="260" ind1=" " ind2=" ">
   <subfield code="a">Αθήνα :</subfield>
   <subfield code="b">Σύνδεσμος Ελληνικών Ακαδημαϊκών Βιβλιοθηκών,</subfield>
   <subfield code="c">c2015.</subfield>
  </datafield>
  <datafield tag="490" ind1=" " ind2=" ">
   <subfield code="a">Ακαδημαϊκά Ηλεκτρονικά Συγγράμματα και Βοηθήματα Κάλλιπος</subfield>
   <subfield code="8">40</subfield>
  </datafield>
  <datafield tag="505" ind1="0" ind2=" ">
   <subfield code="a">Κεφάλαιο 1: Περί γεωθερμίαςΚεφάλαιο 2: Κανονική (ή αβαθής) γεωθερμία και συστήματα αξιοποίησηςΚεφάλαιο 3: Γεωθερμικές αντλίες θερμότηταςΚεφάλαιο 4: Κατακόρυφα γεωθερμικά συστήματαΚεφάλαιο 5: Οριζόντια γεωθερμικά συστήματαΚεφάλαιο 6: Γεωθερμικά συστήματα ανοικτού κυκλώματοςΚεφάλαιο 7: Ανάλυση και σχεδιασμός συστημάτων κανονικής γεωθερμίαςΚεφάλαιο 8: Εφαρμογές αξιοποίησης κανονικής γεωθερμίαςΚεφάλαιο 9: Παράδειγμα υπολογισμού</subfield>
  </datafield>
  <datafield tag="520" ind1=" " ind2=" ">
   <subfield code="a">Το παρόν σύγγραμμα ολοκληρώθηκε σύμφωνα με τις προδιαγραφές που είχαν τεθεί. Περιλαμβάνει 9 κεφάλαια τα οποία περιγράφονται στη συνέχεια. Στο Κεφάλαιο 1 γίνεται μία εισαγωγή στην ορολογία της γεωθερμίας, στα είδη των γεωθερμικών πεδίων, στις δυνητικές χρήσεις της, στα πλεονεκτήματα και μειονεκτήματα της. Στο Κεφάλαιο 2 δίνονται βασικά στοιχεία γεωλογίας και γίνεται αναφορά στις βασικές τεχνολογίες για την εκμετάλλευση της. Στο Κεφάλαιο 3 παρουσιάζονται η αρχή λειτουργίας και τα βασικά τμήματα των αντλιών θερμότητας. Γίνεται αναφορά στη μεθοδολογία υπολογισμού της απόδοσης τους για θέρμανση και ψύξη και του προσδιορισμού άλλων χαρακτηριστικών με βάση υφιστάμενα πρότυπα και γίνεται παρουσίαση των Γεωθερμικών Αντλιών Θερμότητας. Στο Κεφάλαιο 4 παρουσιάζονται τα κατακόρυφα γεωθερμικά συστήματα με υπολογισμούς για το απαιτούμενο μήκους των γεωεναλλακτών. Επίσης, παρουσιάζεται η ταξινόμηση τους σε κατηγορίες και πληροφορίες για την κατασκευή τους. Στο Κεφάλαιο 5 δίνονται πληροφορίες για τους οριζόντιους γεωθερμικούς εναλλάκτες και για τις μεθόδους υπολογισμού. Παρουσιάζονται εναλλακτικοί τύποι εγκατάστασης οριζοντίων γεωθερμικών εναλλακτών και παρέχονται πληροφορίες για την κατασκευή τους. Στο Κεφάλαιο 6 παρουσιάζονται τα γεωθερμικά συστήματα ανοικτού κυκλώματος που χρησιμοποιούν επιφανειακά ή υπόγεια νερά ως πηγή θερμότητας - ψύξης και χώρους απόθεσης/επιστροφής του νερού. Γίνεται αναφορά σε στοιχεία υδρογεωλογίας ενώ παρουσιάζεται η μεθοδολογία σχεδιασμού τους. Στο Κεφάλαιο 7 παρουσιάζεται συνοπτικά η μεθοδολογία που ακολουθείται για το σχεδιασμό τέτοιων εγκαταστάσεων, με έμφαση στις καλές πρακτικές, στους κανονισμούς και στα πρότυπα. Στο Κεφάλαιο 8 παρουσιάζoνται ενδεικτικές εφαρμογές που αφορούν σε έργα αξιοποίησης κανονικής γεωθερμίας στην Ελλάδα στα οποία έχουν δραστηριοποιηθεί οι συγγραφείς. Τέλος,στο Κεφάλαιο 9 παρουσιάζεται παράδειγμα υπολογισμού γεωθερμικής εγκατάστασης, στο οποίο κατά την ανάλυση και το σχεδιασμό, ακολουθήθηκε η μεθοδολογία που παρουσιάσθηκε.</subfield>
  </datafield>
  <datafield tag="650" ind1=" " ind2="0">
   <subfield code="a">Geothermal engineering</subfield>
   <subfield code="8">2693</subfield>
  </datafield>
  <datafield tag="653" ind1=" " ind2=" ">
   <subfield code="a">Γεωθερμικές αντλίες θερμότητας</subfield>
  </datafield>
  <datafield tag="653" ind1=" " ind2=" ">
   <subfield code="a">Γεωθερμικοί εναλλάκτες</subfield>
  </datafield>
  <datafield tag="653" ind1=" " ind2=" ">
   <subfield code="a">Κανονική γεωθερμία</subfield>
  </datafield>
  <datafield tag="653" ind1=" " ind2=" ">
   <subfield code="a">Τεχνολογία και επιστήμες μηχανικών</subfield>
   <subfield code="a">Μηχανολογική μηχανική και τεχνολογία</subfield>
   <subfield code="a">Θέρμανση - Ψύξη - Κλιματισμός</subfield>
  </datafield>
  <datafield tag="700" ind1="1" ind2=" ">
   <subfield code="a">Κούκου, Μαρία</subfield>
   <subfield code="e">Συγγραφέας</subfield>
   <subfield code="8">2136</subfield>
  </datafield>
  <datafield tag="700" ind1="1" ind2=" ">
   <subfield code="a">Καρύτσας, Κωνσταντίνος</subfield>
   <subfield code="e">Συγγραφέας</subfield>
   <subfield code="8">2137</subfield>
  </datafield>
  <datafield tag="700" ind1="1" ind2=" ">
   <subfield code="a">Ανδρίτσος, Νικόλαος</subfield>
   <subfield code="e">Κριτικός αναγνώστης</subfield>
   <subfield code="8">2138</subfield>
  </datafield>
  <datafield tag="856" ind1="4" ind2="0">
   <subfield code="u">http://hdl.handle.net/11419/4773</subfield>
   <subfield code="z">Πλήρες Κείμενο - Full text</subfield>
  </datafield>
  <datafield tag="907" ind1=" " ind2=" ">
   <subfield code="a">.b25678528</subfield>
   <subfield code="b">12-06-18</subfield>
   <subfield code="c">29-07-16</subfield>
  </datafield>
  <datafield tag="949" ind1=" " ind2=" ">
   <subfield code="0">0</subfield>
   <subfield code="1">0</subfield>
   <subfield code="2">ddc</subfield>
   <subfield code="4">0</subfield>
   <subfield code="6">333_000000000000000_ΒΡΑ</subfield>
   <subfield code="7">0</subfield>
   <subfield code="8">KALL</subfield>
   <subfield code="8">611</subfield>
   <subfield code="d">2016-04-13</subfield>
   <subfield code="r">2016-04-13</subfield>
   <subfield code="w">2016-04-13</subfield>
   <subfield code="z">333 ΒΡΑ</subfield>
   <subfield code="o">SEAB KALLIPOS</subfield>
  </datafield>
  <datafield tag="998" ind1=" " ind2=" ">
   <subfield code="a">80</subfield>
   <subfield code="a">01</subfield>
   <subfield code="a">02</subfield>
   <subfield code="a">03</subfield>
   <subfield code="a">04</subfield>
   <subfield code="a">05</subfield>
   <subfield code="a">06</subfield>
   <subfield code="a">07</subfield>
   <subfield code="a">08</subfield>
   <subfield code="a">09</subfield>
   <subfield code="a">10</subfield>
   <subfield code="a">11</subfield>
   <subfield code="a">12</subfield>
   <subfield code="a">13</subfield>
   <subfield code="a">14</subfield>
   <subfield code="a">15</subfield>
   <subfield code="a">16</subfield>
   <subfield code="a">17</subfield>
   <subfield code="a">18</subfield>
   <subfield code="a">19</subfield>
   <subfield code="a">20</subfield>
   <subfield code="a">21</subfield>
   <subfield code="a">22</subfield>
   <subfield code="a">23</subfield>
   <subfield code="a">24</subfield>
   <subfield code="a">25</subfield>
   <subfield code="a">26</subfield>
   <subfield code="b">10-05-17</subfield>
   <subfield code="c">m</subfield>
   <subfield code="d">z  </subfield>
   <subfield code="e">-</subfield>
   <subfield code="f">gre</subfield>
   <subfield code="g">gr </subfield>
   <subfield code="h">0</subfield>
  </datafield>
  <datafield tag="942" ind1=" " ind2=" ">
   <subfield code="2">ddc</subfield>
   <subfield code="c">KALLIPOS</subfield>
  </datafield>
 </record>
</collection>
